Steps to the top / (Record no. 808)

MARC details
000 -LEADER
fixed length control field 00652pam a2200241 a 4500
001 - CONTROL NUMBER
control field 496759
003 - CONTROL NUMBER IDENTIFIER
control field GBCCL
005 - DATE AND TIME OF LATEST TRANSACTION
control field 20241126110346.0
008 - FIXED-LENGTH DATA ELEMENTS--GENERAL INFORMATION
fixed length control field 850201s1985 lau 000 0 eng
010 ## -
-- 85003428
020 ## - INTERNATIONAL STANDARD BOOK NUMBER
International Standard Book Number 0882894609 :
Terms of availability $12.95
040 ## - CATALOGING SOURCE
Original cataloging agency DLC
Transcribing agency DLC
Modifying agency DLC
050 00 -
-- BJ1611.2
-- .Z54 1985
082 00 - DEWEY DECIMAL CLASSIFICATION NUMBER
Classification number 158.1
Edition information 19
Item number ZIG
100 1# - MAIN ENTRY--PERSONAL NAME
Personal name Ziglar, Zig.
9 (RLIN) 149
245 10 - TITLE STATEMENT
Title Steps to the top /
Statement of responsibility, etc. Zig Ziglar.
260 ## - PUBLICATION, DISTRIBUTION, ETC.
Place of publication, distribution, etc. Gretna :
Name of publisher, distributor, etc. Pelican Pub. Co.,
Date of publication, distribution, etc. 1985.
300 ## - PHYSICAL DESCRIPTION
Extent 239 p. ;
Dimensions 24 cm.
650 #0 - SUBJECT ADDED ENTRY--TOPICAL TERM
Topical term or geographic name entry element Success.
9 (RLIN) 1179
650 #0 - SUBJECT ADDED ENTRY--TOPICAL TERM
Topical term or geographic name entry element Conduct of life.
9 (RLIN) 524
906 ## - LOCAL DATA ELEMENT F, LDF (RLIN)
a 7
b cbc
c orignew
d 1
e ocip
f 19
g y-gencatlg
942 ## - ADDED ENTRY ELEMENTS (KOHA)
Source of classification or shelving scheme Dewey Decimal Classification
Koha item type Books
Koha issues (borrowed), all copies 1
Holdings
Withdrawn status Lost status Source of classification or shelving scheme Damaged status Not for loan Home library Current Library Shelving location Date acquired Total checkouts Full call number Barcode Date last seen Date last checked out Copy number Price effective from Koha item type
    Dewey Decimal Classification     GRACE BIBLE COLLEGE GRACE BIBLE COLLEGE Philosophy and Religion 2017-03-16 1 158.1 ZIG 008209 2025-05-01 2019-01-25 c.1 2017-03-16 Books
© Grace Bible College Library 2025